Personajes de Peter Capusotto - Estadísticas

Estadísticas generales
  • Esta prueba ha sido intentada 24 veces
  • La puntuación promedio es 8 de 16
Estadísticas de respuestas
Imagen Respuesta % Correcto
Micky Vainilla
94%
Violencia Rivas
88%
Pomelo
81%
Bombita Rodríguez
63%
El Emo
63%
Jesús de Laferrere
63%
Kósher Waters
50%
Luis Almirante Brown
44%
Juan Carlos Pelotudo
38%
El Loco Evita
31%
Pepeu Palala
31%
Ramita
31%
Juanete
25%
Latino Solanas
25%
Roberto Quenedi
19%
Joey Marrone
6%
No se encontraron pruebas coincidentes
Distribución de puntuación
Porcentaje de gente con cada puntuación
Porcentaje por número respondido
Historial de tus puntuaciones
No has intentado esta prueba.